Burkina Faso : Seventh Review Under the Extended Credit Facility Arrangement and Request for a New Three-Year Extended Credit Facility Arrangement.

This paper discusses Burkina Faso's Seventh Review Under the Extended Credit Facility (ECF) Arrangement and Request for a new Three-Year ECF Arrangement. Economic activity in Burkina Faso continued to grow at a brisk pace in 2013. Program performance remains strong. Revenue performance remains...

Повний опис

Бібліографічні деталі
Співавтор: International Monetary Fund. African Dept
Формат: Журнал
Мова:English
Опубліковано: Washington, D.C. : International Monetary Fund, 2014.
Серія:IMF Staff Country Reports; Country Report ; No. 2014/043
Онлайн доступ:Full text available on IMF
LEADER 01938cas a2200241 a 4500
001 AALejournalIMF014209
008 230101c9999 xx r poo 0 0eng d
020 |c 5.00 USD 
020 |z 9781475581584 
022 |a 1934-7685 
040 |a BD-DhAAL  |c BD-DhAAL 
110 2 |a International Monetary Fund.  |b African Dept. 
245 1 0 |a Burkina Faso :   |b Seventh Review Under the Extended Credit Facility Arrangement and Request for a New Three-Year Extended Credit Facility Arrangement. 
264 1 |a Washington, D.C. :  |b International Monetary Fund,  |c 2014. 
300 |a 1 online resource (75 pages) 
490 1 |a IMF Staff Country Reports 
500 |a <strong>Off-Campus Access:</strong> No User ID or Password Required 
500 |a <strong>On-Campus Access:</strong> No User ID or Password Required 
506 |a Electronic access restricted to authorized BRAC University faculty, staff and students 
520 3 |a This paper discusses Burkina Faso's Seventh Review Under the Extended Credit Facility (ECF) Arrangement and Request for a new Three-Year ECF Arrangement. Economic activity in Burkina Faso continued to grow at a brisk pace in 2013. Program performance remains strong. Revenue performance remains on target, but is no longer overshooting targets as in recent years, while spending execution is below target. Almost all program targets were met, including on net domestic financing and the fiscal balance. All structural benchmarks slated for completion in June and September were also met. The IMF staff supports completion of the seventh review of the current ECF arrangement and the authorities' request for a new three-year ECF arrangement with access equivalent to 45 percent of quota. 
538 |a Mode of access: Internet 
830 0 |a IMF Staff Country Reports; Country Report ;  |v No. 2014/043 
856 4 0 |z Full text available on IMF  |u http://elibrary.imf.org/view/journals/002/2014/043/002.2014.issue-043-en.xml  |z IMF e-Library